Inhibition of specific histone deacetylases suppresses pathogenesis in a Drosophila model of Huntington’s disease

Elmentve itt :
Bibliográfiai részletek
Szerző: Pallos Judit
További közreműködők: Marsh J. Lawrence (Témavezető)
Dokumentumtípus: Disszertáció
Megjelent: 2012-06-01
Tárgyszavak:
doi:10.14232/phd.1071

Online Access:http://doktori.ek.szte.hu/1071
LEADER 01090nta a2200217 i 4500
001 dokt1071
005 20200207155207.0
008 110909s2012 hu om 0|| eng d
024 7 |a 10.14232/phd.1071  |2 doi 
040 |a SZTE Doktori Repozitórium  |b hun 
041 |a eng 
100 1 |a Pallos Judit 
245 1 0 |a Inhibition of specific histone deacetylases suppresses pathogenesis in a Drosophila model of Huntington’s disease  |h [elektronikus dokumentum] /  |c  Pallos Judit 
246 1 0 |a A Huntington kór patogenezisében szerepet játszó hiszton deacetilázok azonosítása és részletes vizsgálata Drosophila melanogasterben  |h [elektronikus dokumentum] 
260 |c 2012-06-01 
502 |a Disszertacio 
650 4 |a biológiai tudományok 
700 1 |a Marsh J. Lawrence  |e ths 
856 4 0 |u https://doktori.bibl.u-szeged.hu/id/eprint/1071/1/Dissertation.pdf  |z Dokumentum-elérés  
856 4 0 |u https://doktori.bibl.u-szeged.hu/id/eprint/1071/3/Tezis_fuzet_A4-14.pdf  |z Dokumentum-elérés  
856 4 0 |u https://doktori.bibl.u-szeged.hu/id/eprint/1071/2/Thesis_booklet_A4-14.pdf  |z Dokumentum-elérés